| 000 | 00400nam a22001697a 4500 | ||
|---|---|---|---|
| 005 | 20180730143233.0 | ||
| 008 | 160622b xxu||||| |||| 00| 0 eng d | ||
| 020 | _a81-203-1144-2 | ||
| 041 | _aeng | ||
| 082 |
_b8994 _a658.1 |
||
| 100 |
_aFrench, and Bell, _94666 |
||
| 245 | _aOrganization Development | ||
| 260 |
_bPHI _anew delhi |
||
| 300 | _a357p, | ||
| 650 |
_aManagement _9241 |
||
| 942 | _cBK | ||
| 999 |
_c3544 _d3543 |
||